00333nam a2200121Ia 4500008004100000041000800041082001600049100001900065245004400084260004200128300003200170365000900202240624s9999 xx 000 0 und d aeng a338.542 SCH aSCHIFF PETER D aHOW AN ECONOMY GROWS AND WHY IT CRASHES c2010aNew JerseybJohn Wiley and Sons axxii, : 233 : p. : cm. ; 23 cb27